|
|
|
|
| LEADER |
00000nab a2200000 a 4500 |
| 001 |
vtls000481758 |
| 003 |
SK-MaSNL |
| 005 |
20260303020502.0 |
| 008 |
140422c1992 xo 0 slo |
| 015 |
|
|
|a SNBRB19rr/mm-uuuuu
|
| 035 |
|
|
|a CL0481893
|
| 040 |
|
|
|a SNKBUCL
|b slo
|c SNKBUCL
|e AACR2
|
| 041 |
0 |
|
|a slo
|
| 044 |
|
|
|a xo
|c SK
|
| 080 |
|
|
|a 791.43.091.4:791.43.05.091.4
|2 1981
|
| 080 |
|
|
|a 791.43.05.091.4
|2 1981
|
| 100 |
1 |
|
|a Jablonický, Viliam,
|d 1948-2019
|4 aut
|9 188549
|
| 245 |
1 |
0 |
|a Medzi vedou a umením
|c Viliam Jablonický
|
| 611 |
2 |
7 |
|a Etnofilm Čadca
|n (7. :
|d 1992 :
|c Čadca, Slovensko)
|2 snkbucl
|9 53660
|
| 655 |
|
7 |
|a články z novín a časopisov
|2 snkbucl
|9 267496
|
| 773 |
0 |
|
|t Literárny týždenník
|g Roč. 5, č. 45 (1992), s. 14-15
|
| 850 |
|
|
|a Slovenská národná knižnica v Martine
|a MTA001
|
| 852 |
|
|
|a SNK
|b KIS3GCP
|
| 957 |
|
|
|a 5302
|
| 958 |
|
|
|a RK
|
| 999 |
|
|
|c 1618521
|d 1620451
|